A case study of a Singapore firm investing in China /
محفوظ في:
| المؤلف الرئيسي: | |
|---|---|
| التنسيق: | أطروحة كتاب |
| اللغة: | English |
| منشور في: |
1986.
|
| الموضوعات: | |
| الوسوم: |
إضافة وسم
لا توجد وسوم, كن أول من يضع وسما على هذه التسجيلة!
|
| LEADER | 00851cam a2200265 a 4500 | ||
|---|---|---|---|
| 001 | u51445 | ||
| 003 | SIRSI | ||
| 008 | 870814s1986 si v 00 1 eng | ||
| 015 | |a X870080182 | ||
| 035 | |a AAF-5343 | ||
| 040 | |a UMM | ||
| 043 | |a a-si--- |a a-cc--- | ||
| 090 | |a HD58.6 |b Cha | ||
| 100 | 1 | 0 | |a Chan, Kok Yong |
| 245 | 1 | 2 | |a A case study of a Singapore firm investing in China / |c Chan Kok Yong |
| 260 | |c 1986. | ||
| 300 | |a iv, 126 leaves ; |c 29 cm | ||
| 502 | |a Dissertation (M.B.A.) -- National University of Singapore, 1986 | ||
| 650 | 0 | |a Negotiation in business |z Singapore | |
| 650 | 0 | |a Negotiation in business |z China | |
| 650 | 0 | |a Joint ventures |z China | |
| 650 | 0 | |a Investments, Singaporean |z China | |
| 948 | |a 16/03/1991 |b 18/11/1998 | ||
| 596 | |a 1 | ||
| 999 | |a HD58.6 CHA |w LC |c 1 |i A010319989 |d 11/6/2001 |l STACKS |m P01UTAMA |n 2 |r Y |s Y |t TESIS |u 30/12/1991 | ||
